Statistics for 2012-2013 Green Bay Packers Roster

Click here to take the quiz!

General Stats

  • This quiz has been taken 709 times
  • The average score is 20 of 53

Answer Stats

#PositionAnswer% Correct
12QBAaron Rodgers
98%
2KMason Crosby
85%
87WRJordy Nelson
81%
18WRRandall Cobb
80%
52LBClay Matthews
79%
21DBCharles Woodson
66%
89WRJames Jones
66%
59LBBrad Jones
64%
85WRGreg Jennings
64%
80WRDonald Driver
63%
43SM.D. Jennings
63%
50LBA.J. Hawk
58%
88TEJermichael Finley
58%
90DTB.J. Raji
57%
30FBJohn Kuhn
57%
44RBJames Starks
56%
38CBTramon Williams
54%
84TED.J. Williams
53%
37CBSam Shields
48%
20RBAlex Green
44%
8PTim Masthay
44%
62C/GEvan Dietrich-Smith
40%
75TBryan Bulaga
39%
42SMorgan Burnett
39%
71GJosh Sitton
38%
51LBD.J. Smith
36%
70GT.J. Lang
35%
83TETom Crabtree
34%
63CJeff Saturday
31%
53LBNick Perry
31%
11WRJarrett Boykin
29%
29CBCasey Hayward
28%
6QBGraham Harrell
28%
32RBCedric Benson
27%
24CBJarrett Bush
27%
79DTRyan Pickett
24%
31CBDavon House
23%
76DTMike Daniels
22%
74TMarshall Newhouse
20%
61LSBrett Goode
18%
82TERyan Taylor
16%
98DEC.J. Wilson
15%
22SJerrson McMillian
14%
99DEJerel Worthy
13%
49LBRobert Francois
12%
28SSean Richardson
12%
33RBBrandon Saine
11%
67G/TDon Barclay
11%
57LBJamari Lattimore
10%
54LBDezman Moses
7%
56LBTerrell Manning
6%
39CBBrandian Ross
4%
94DEPhillip Merling
2%

Score Distribution

Percentile by Number Answered

Percent of People with Each Score

Your Score History

You have not taken this quiz